[Event "Satu Mare Tasnad op"]
[Site "Satu Mare"]
[Date "2013.09.27"]
[Round "3"]
[White "Costin, Petrica"]
[Black "Ambru, Dan Calin"]
[Result "1-0"]
[WhiteElo "2253"]
[BlackElo "1910"]
[PlyCount "93"]
[EventDate "2013.09.26"]
[EventType "swiss"]
[EventRounds "7"]
[EventCountry "ROU"]
[SourceTitle "EXT 2014"]
[Source "ChessBase"]
[SourceDate "2013.11.20"]
[SourceVersion "1"]
[SourceVersionDate "2013.11.20"]
[SourceQuality "1"]

1. d4 Nf6 2. c4 g6 3. Nc3 Bg7 4. e4 d6 5. Nf3 0-0 6. Be2 c5 7. d5 Bg4 8. 0-0 Bxf3 9. gxf3 a6 10. Kh1 Nbd7 11. f4 Qc7 12. Rg1 e6 13. a4 exd5 14. cxd5 Rfe8 15. Bf3 Rab8 16. a5 b5 17. axb6 Rxb6 18. Qc2 Reb8 19. Ra2 Ne8 20. Be2 Qc8 21. Bg4 Nc7 22. Re1 Qd8 23. Bd2 Nb5 24. Nxb5 Rxb5 25. Bc3 Bxc3 26. bxc3 a5 27. e5 c4 28. e6 Nf6 29. exf7+ Kxf7 30. Be6+ Kg7 31. Qd2 Qc7 32. f5 Rb1 33. Rxb1 Rxb1+ 34. Kg2 Ne4 35. Qd4+ Nf6 36. h4 Rb5 37. h5 gxh5 38. f3 Rb1 39. Kh2 Qd8 40. Rg2+ Kf8 41. Qf4 a4 42. Qh6+ Ke8 43. Qg7 Qe7 44. Bf7+ Kd8 45. Qh8+ Kc7 46. Be6 Ne8 47. f6 1-0

[Event "Satu Mare Tasnad op"]
[Site "Satu Mare"]
[Date "2013.09.26"]
[Round "1"]
[White "Costin, Petrica"]
[Black "Pop, Ioan"]
[Result "1-0"]
[WhiteElo "2253"]
[BlackElo "1868"]
[PlyCount "76"]
[EventDate "2013.09.26"]
[EventType "swiss"]
[EventRounds "7"]
[EventCountry "ROU"]
[SourceTitle "EXT 2014"]
[Source "ChessBase"]
[SourceDate "2013.11.20"]
[SourceVersion "1"]
[SourceVersionDate "2013.11.20"]
[SourceQuality "1"]

1. e4 c5 2. Nf3 d6 3. d4 cxd4 4. Nxd4 Nf6 5. Nc3 a6 6. Be2 e5 7. Nb3 Be6 8. g4 Be7 9. g5 Nfd7 10. h4 Nc6 11. Be3 Nb6 12. Qd2 Rc8 13. 0-0-0 Nb4 14. Kb1 Nc4 15. Bxc4 Bxc4 16. a3 Nd3 17. Nc1 Nc5 18. f4 b5 19. f5 f6 20. gxf6 gxf6 21. Rhg1 Bf8 22. N1e2 h5 23. Bxc5 dxc5 24. Qe3 Qc7 25. Nd5 Bxd5 26. Rxd5 Rd8 27. Nc3 b4 28. axb4 cxb4 29. Rxd8+ Qxd8 30. Nd5 Rh7 31. Rg6 Rf7 32. Qe2 Qa5 33. Nxf6+ Kd8 34. Qc4 Rc7 35. Qd3+ Kc8 36. Rg8 Rf7 37. Qc4+ Rc7 38. Rxf8+ Kb7 1-0

[Event "Arad op-A"]
[Site "Arad"]
[Date "2011.08.09"]
[Round "7"]
[White "Dobre, Claudiu Cristian"]
[Black "Costin, Petrica"]
[Result "1-0"]
[WhiteElo "2353"]
[BlackElo "2077"]
[PlyCount "49"]
[EventDate "2011.08.05"]
[EventType "swiss"]
[EventRounds "9"]
[EventCountry "ROU"]
[SourceTitle "CBM 143 Extra"]
[Source "ChessBase"]
[SourceDate "2011.08.29"]
[SourceVersion "1"]
[SourceVersionDate "2011.08.29"]
[SourceQuality "1"]

1. b3 e5 2. Bb2 Nc6 3. e3 Nf6 4. Bb5 d6 5. Ne2 Bd7 6. d4 Qe7 7. c4 a6 8. Bxc6 Bxc6 9. 0-0 g6 10. Nbc3 Bg7 11. Qd2 0-0 12. Rae1 Rad8 13. d5 Bd7 14. f4 Nh5 15. Ng3 Qh4 16. Nce4 Rde8 17. fxe5 Nxg3 18. hxg3 Qe7 19. Nf6+ Bxf6 20. exf6 Qd8 21. e4 Kh8 22. Qh6 Rg8 23. Kf2 Re5 24. Bxe5 dxe5 25. Qxh7+ 1-0

[Event "Satu Mare op 2nd"]
[Site "Satu Mare"]
[Date "2011.07.17"]
[Round "4"]
[White "Czegledi, Daniel"]
[Black "Costin, Petrica"]
[Result "0-1"]
[WhiteElo "1529"]
[BlackElo "2077"]
[PlyCount "68"]
[EventDate "2011.07.15"]
[EventType "swiss"]
[EventRounds "9"]
[EventCountry "ROU"]
[SourceTitle "CBM 143 Extra"]
[Source "ChessBase"]
[SourceDate "2011.08.29"]
[SourceVersion "1"]
[SourceVersionDate "2011.08.29"]
[SourceQuality "1"]

1. d4 Nf6 2. Nf3 d6 3. Nbd2 Nbd7 4. e4 e5 5. b3 c6 6. dxe5 dxe5 7. Bb2 Qa5 8. Bd3 Bd6 9. 0-0 b5 10. a4 Qb6 11. axb5 cxb5 12. c4 b4 13. Ra2 Nc5 14. Bc2 Qc7 15. Qa1 Nfd7 16. Ne1 f6 17. Nd3 Qb6 18. Nxc5 Nxc5 19. Ra5 a6 20. Rb5 Qa7 21. Rxc5 Bxc5 22. Nf3 0-0 23. Nh4 Be6 24. Nf5 Rfd8 25. Bc1 Bxf5 26. exf5 Bd4 27. Qa2 Qb7 28. Be3 Bxe3 29. fxe3 Rd2 30. Rf2 Rad8 31. Qb1 Rxf2 32. Kxf2 Rd2+ 33. Ke1 Qxg2 34. Bd3 Qf2# 0-1

[Event "Satu Mare Ariston"]
[Site "Satu Mare"]
[Date "2011.03.01"]
[Round "7"]
[White "Costin, Petrica"]
[Black "Marchis, Arghil"]
[Result "1-0"]
[WhiteElo "2156"]
[BlackElo "2037"]
[PlyCount "62"]
[EventDate "2011.02.24"]
[EventType "tourn"]
[EventRounds "9"]
[EventCountry "ROU"]
[SourceTitle "CBM 141 Extra"]
[Source "ChessBase"]
[SourceDate "2011.05.03"]
[SourceVersion "1"]
[SourceVersionDate "2011.05.03"]
[SourceQuality "1"]

1. d4 Nf6 2. c4 d5 3. Nf3 e6 4. Bg5 Be7 5. Nc3 0-0 6. Bxf6 Bxf6 7. e3 c5 8. cxd5 cxd4 9. exd4 exd5 10. Be2 Nd7 11. 0-0 Nb6 12. Re1 Bd7 13. Ne5 Bxe5 14. dxe5 Be6 15. Nb5 Bd7 16. Nd6 Bc6 17. b4 a6 18. Qd4 f6 19. Bg4 g6 20. Be6+ Kg7 21. f4 Nc4 22. Nxc4 dxc4 23. Qxc4 fxe5 24. fxe5 Qg5 25. Bh3 Rac8 26. e6 h5 27. Qd4+ Kh7 28. Re5 Qe7 29. a3 Rf6 30. Rae1 Rd8 31. Qe3 Rd6 1-0

[Event "Satu Mare Ariston"]
[Site "Satu Mare"]
[Date "2011.02.26"]
[Round "3"]
[White "Costin, Petrica"]
[Black "Bonte, Andrei Mihai"]
[Result "0-1"]
[WhiteElo "2156"]
[BlackElo "2331"]
[PlyCount "90"]
[EventDate "2011.02.24"]
[EventType "tourn"]
[EventRounds "9"]
[EventCountry "ROU"]
[SourceTitle "CBM 141 Extra"]
[Source "ChessBase"]
[SourceDate "2011.05.03"]
[SourceVersion "1"]
[SourceVersionDate "2011.05.03"]
[SourceQuality "1"]

1. e4 e5 2. Nf3 Nc6 3. Bb5 Nf6 4. 0-0 Nxe4 5. d4 Nd6 6. Bxc6 dxc6 7. dxe5 Nf5 8. Qxd8+ Kxd8 9. Nc3 b6 10. Bg5+ Ke8 11. Rad1 Be6 12. a3 h6 13. Bc1 Rd8 14. Rxd8+ Kxd8 15. Rd1+ Kc8 16. h3 g5 17. b3 c5 18. Ne4 a5 19. Bd2 Bd5 20. Re1 Ng7 21. c4 Bb7 22. Bc3 Ne6 23. g3 Bg7 24. Kf1 Rd8 25. Nfd2 Rd3 26. Ke2 Rd8 27. Kf1 Bc6 28. a4 Kb7 29. f3 h5 30. Kf2 h4 31. Re3 hxg3+ 32. Kxg3 Nd4 33. Kf2 Ne6 34. Kg3 Bf8 35. Nf6 Be7 36. Nde4 Rh8 37. Nd5 Bd8 38. Nf2 Rh4 39. Ng4 Kc8 40. Rd3 Bxd5 41. cxd5 Rxh3+ 42. Kxh3 Nf4+ 43. Kg3 Nxd3 44. Nh6 Nf4 45. Nxf7 Ne2+ 0-1

[Event "Satu Mare Ariston"]
[Site "Satu Mare"]
[Date "2011.02.24"]
[Round "1"]
[White "Costin, Petrica"]
[Black "Posedaru, Bogdan Stefan"]
[Result "0-1"]
[WhiteElo "2156"]
[BlackElo "2322"]
[PlyCount "76"]
[EventDate "2011.02.24"]
[EventType "tourn"]
[EventRounds "9"]
[EventCountry "ROU"]
[SourceTitle "CBM 141 Extra"]
[Source "ChessBase"]
[SourceDate "2011.05.03"]
[SourceVersion "1"]
[SourceVersionDate "2011.05.03"]
[SourceQuality "1"]

1. e4 c5 2. Nf3 Nc6 3. d3 d6 4. g3 g6 5. Bg2 Bg7 6. 0-0 e5 7. c3 Nge7 8. h3 0-0 9. Be3 b6 10. d4 Ba6 11. Re1 Rc8 12. Qd2 cxd4 13. cxd4 exd4 14. Nxd4 Ne5 15. Na3 Nd3 16. Red1 d5 17. Rab1 dxe4 18. Bxe4 Nc5 19. Bg2 Bd3 20. Ndc2 Bf5 21. Qe2 Qe8 22. g4 Be6 23. b3 Nc6 24. Nb5 Nb7 25. Nxa7 Nxa7 26. Bxb7 Nb5 27. Bxc8 Nc3 28. Qd3 Qxc8 29. Bxb6 Nxb1 30. Rxb1 Qa8 31. a4 Rc8 32. Rd1 Qc6 33. Be3 Qxc2 34. Qxc2 Rxc2 35. Rd8+ Bf8 36. Bh6 Rc8 37. Rxc8 Bxc8 38. Bxf8 Kxf8 0-1